000 00610cam a2200217 4500
001 M2173
008 090401t1993 xxu||||| |||| 00| 0 eng d
035 _a(Sirsi) u36932
041 _aeng
050 _a333.0062
110 _aRoyal Institution of Chartered Surveyors
_94900
245 _aKeep in touch with your information centre.
260 _aLondon
_bRICS
_c1993
300 _a1 folded sheet ; 21x10cm .
350 _a0
520 _aPublicity leaflet.
650 _aABOUT RICS-RICS MEMBERS
690 _aMANAGEMENT-BUSINESS MANAGEMENT-PROFESSIONAL PRACTICE
942 _n0
948 _c04/03/1997
999 _c90408
_d90408